000 00480cam a2200169ua 4500
001 12077
008 200218n ii |||gr||||Z||||||eng
020 _a8121208750
040 _cMAIN
082 _a954
100 _aRekha Pande,
_eAuthor.
245 _aReligious movements in medieval india :
_bBhakti creation of alternative spaces /
_cBy Rekha Pande .
260 _aNew Delhi:
_bGyan publishing house,
_c2005.
300 _a394p.
653 _aSouth Asia India
942 _cBK
999 _c10853
_d10853